[Event "Nimzoindian Tribute to Pink Floyd"]
[Site "SchemingMind.com"]
[Date "2012.08.13"]
[Round "-"]
[White "Luki212"]
[Black "docjan"]
[Result "1/2-1/2"]
[WhiteCountry "SVK"]
[BlackCountry "SWE"]
[WhiteElo "2057"]
[WhiteRD "74"]
[BlackElo "2243"]
[BlackRD "61"]
[GameID "315916"]

1. d4 Nf6 2. c4 e6 3. Nc3 Bb4 4. g3 d5 5. cxd5 exd5 6. Bg2 O-O 7. Nf3 Re8 8. O-O h6 9. Bf4 Nc6 10. Ne5 g5
11. Nxc6 bxc6 12. Bd2 Bf5 13. Ne4 Bd6 14. Nxf6+ Qxf6 15. Bc3 a5 16. Qa4 Bb4 17. Rac1 Rab8 18. Rfe1 Bxc3 19. bxc3 Rb5 20. Qa3 Qd6
21. Qxd6 cxd6 22. c4 Rb2 23. cxd5 cxd5 24. e3 Be4 25. a4=
1/2-1/2

[Event "Nimzoindian Tribute to Pink Floyd"]
[Site "SchemingMind.com"]
[Date "2012.08.13"]
[Round "-"]
[White "docjan"]
[Black "Luki212"]
[Result "1-0"]
[WhiteCountry "SWE"]
[BlackCountry "SVK"]
[WhiteElo "2243"]
[WhiteRD "61"]
[BlackElo "2057"]
[BlackRD "74"]
[GameID "315920"]

1. d4 Nf6 2. c4 e6 3. Nc3 Bb4 4. Qc2 O-O 5. Nf3 c5 6. dxc5 Na6 7. g3 Nxc5 8. Bg2 b6 9. O-O Bb7 10. Nb5 Be4
11. Qd1 Nb7 12. a3 Be7 13. Bf4 a6 14. Nc3 Bc6 15. b4 Rc8 16. Rc1 Nh5 17. Be5 f6 18. Bd4 Nd6 19. Qd3 f5 20. Ne5 Bxg2
21. Kxg2 Qc7 22. c5 Qb7+ 23. Qf3 Qxf3+ 24. exf3
1-0

[Event "Nimzoindian Tribute to Pink Floyd"]
[Site "SchemingMind.com"]
[Date "2012.08.24"]
[Round "-"]
[White "Clive Everill"]
[Black "John Galvin"]
[Result "0-1"]
[WhiteCountry "CZE"]
[BlackCountry "USA"]
[WhiteElo "1700"]
[WhiteRD "49"]
[BlackElo "2314"]
[BlackRD "69"]
[GameID "316209"]

1. d4 Nf6 2. c4 e6 3. Nc3 Bb4 4. Qc2 c5 5. dxc5 Na6 6. a3 Bxc3+ 7. Qxc3 Nxc5 8. b4 Na4 9. Qc2 b5 10. cxb5 Nb6
11. Nf3 Bb7 12. e3 Rc8 13. Qd1 O-O 14. Bb2 d6 15. Be2 e5 16. O-O Qd7 17. g3 Nc4 18. Bc3 Qh3 19. Nh4 g5 20. Bf3 gxh4
21. Kh1 Ng4
0-1

[Event "Nimzoindian Tribute to Pink Floyd"]
[Site "SchemingMind.com"]
[Date "2012.08.24"]
[Round "-"]
[White "John Galvin"]
[Black "Clive Everill"]
[Result "1-0"]
[WhiteCountry "USA"]
[BlackCountry "CZE"]
[WhiteElo "2314"]
[WhiteRD "69"]
[BlackElo "1700"]
[BlackRD "49"]
[GameID "316215"]

1. d4 Nf6 2. c4 e6 3. Nc3 Bb4 4. Nf3 b6 5. Bg5 Bb7 6. e3 h6 7. Bh4 g5 8. Bg3 Ne4 9. Qc2 Bxc3+ 10. bxc3 Nxg3
11. hxg3 Nc6 12. g4 Qe7 13. Be2 O-O-O 14. c5 Nb8 15. Qa4 Nc6 16. Rb1 f6 17. c4 d5 18. cxb6 cxb6 19. c5 bxc5 20. Ba6 Bxa6
21. Qxc6+ Qc7 22. Qxe6+ Qd7 23. Qxa6+
1-0

[Event "Nimzoindian Tribute to Pink Floyd"]
[Site "SchemingMind.com"]
[Date "2012.08.27"]
[Round "-"]
[White "Timaeus"]
[Black "d2d41"]
[Result "0-1"]
[WhiteCountry "JPN"]
[BlackCountry "HUN"]
[WhiteElo "1345"]
[WhiteRD "67"]
[BlackElo "1548"]
[BlackRD "147"]
[GameID "316607"]

1. d4 Nf6 2. c4 e6 3. Nc3 Bb4 4. Bd2 c5 5. Nf3 d5 6. g3 O-O 7. e3 Nc6 8. Bd3 dxc4 9. Bxc4 cxd4 10. exd4 Nxd4
11. Nxd4 Qxd4 12. Bb5 a6 13. Be2 Bd7 14. O-O Bc6 15. a3 Be7 16. Qc2 Rac8 17. Bd3 Rfd8 18. Bxh7+ Nxh7 19. Rad1 Qg4 20. f3 Bxf3
21. Rxf3 Qxf3 22. Rf1 Qd3 23. Qd1 Qxd2 24. a4 Qe3+
0-1

[Event "Nimzoindian Tribute to Pink Floyd"]
[Site "SchemingMind.com"]
[Date "2012.08.28"]
[Round "-"]
[White "d2d41"]
[Black "Timaeus"]
[Result "1-0"]
[WhiteCountry "HUN"]
[BlackCountry "JPN"]
[WhiteElo "1548"]
[WhiteRD "147"]
[BlackElo "1345"]
[BlackRD "67"]
[GameID "316614"]

1. d4 Nf6 2. c4 e6 3. Nc3 Bb4 4. Qc2 d5 5. a3 O-O 6. axb4 dxc4 7. Nf3 Nc6 8. e3 Nxb4 9. Qd1 c5 10. Bxc4 Bd7
11. dxc5 Qe7 12. O-O Rfd8 13. Qb3 Qxc5 14. Bd2 a5 15. Na2 Ne4 16. Bxb4 axb4 17. Nxb4 Rxa1 18. Rxa1 Bb5 19. Bxb5 Qxb5 20. Nd4 Re8
21. Nxb5 Nd2 22. Qd3
1-0

[Event "Nimzoindian Tribute to Pink Floyd"]
[Site "SchemingMind.com"]
[Date "2012.08.29"]
[Round "-"]
[White "tabanli"]
[Black "NimbleKnight"]
[Result "1/2-1/2"]
[WhiteCountry "USA"]
[BlackCountry "USA"]
[WhiteElo "1982"]
[WhiteRD "104"]
[BlackElo "1975"]
[BlackRD "82"]
[GameID "316741"]

1. d4 Nf6 2. c4 e6 3. Nc3 Bb4 4. e3 b6 5. Ne2 Bb7 6. a3 Be7 7. d5 O-O 8. Nf4 Bd6 9. Be2 c6 10. dxc6= dxc6
11. Qc2 c5 12. Rg1 Nc6 13. g3 a6 14. Bd2 Qc7 15. O-O-O Rad8 16. Kb1 Rd7 17. Bc1 Rfd8 18. h3 Qb8 19. b3 Bc7 20. Bb2 Rxd1+
21. Rxd1 Qa8 22. Ka2 Rxd1 23. Qxd1 Qd8 24. Qxd8+ Nxd8 25. Nd3 Kf8 26. b4 Nd7 27. Bd1 Ne5 28. Nxe5 Bxe5 29. Na4 Bxb2 30. Kxb2 cxb4
31. axb4 b5 32. cxb5 axb5 33. Nc3 Ba6 34. Be2= Nc6 35. Kb3=
1/2-1/2

[Event "Nimzoindian Tribute to Pink Floyd"]
[Site "SchemingMind.com"]
[Date "2012.08.28"]
[Round "-"]
[White "NimbleKnight"]
[Black "tabanli"]
[Result "1-0"]
[WhiteCountry "USA"]
[BlackCountry "USA"]
[WhiteElo "1975"]
[WhiteRD "82"]
[BlackElo "1982"]
[BlackRD "104"]
[GameID "316745"]

1. d4 Nf6 2. c4 e6 3. Nc3 Bb4 4. Qc2 d5 5. a3 Bxc3+ 6. Qxc3 Ne4 7. Qc2 Nc6 8. e3 e5 9. Nf3 exd4 10. cxd5 Qxd5
11. Bc4 Qf5 12. Bd3 Qa5+ 13. b4 Nxb4 14. axb4 Qxa1 15. Bxe4 Qc3+ 16. Qxc3 dxc3 17. Ba3 O-O 18. Ke2 Re8 19. Bd3 c6 20. Rc1 a5
21. Rxc3 axb4 22. Bxb4 Ra2+ 23. Rc2 Rxc2+ 24. Bxc2 Bg4 25. h3 Bh5 26. g4 Bg6 27. Bb3 b6 28. Bc3 Ra8 29. Bb2 Bc2 30. Bxc2 Ra2
31. Kd2 Rxb2 32. Nd4 c5 33. Ne2 Ra2 34. Nc3 Ra1 35. Be4 Kf8 36. Bg2
1-0

[Event "Nimzoindian Tribute to Pink Floyd"]
[Site "SchemingMind.com"]
[Date "2012.09.02"]
[Round "-"]
[White "Marco_M"]
[Black "ray winteringham"]
[Result "1-0"]
[WhiteCountry "ITA"]
[BlackCountry "ENG"]
[WhiteElo "2202"]
[WhiteRD "100"]
[BlackElo "1468"]
[BlackRD "53"]
[GameID "316895"]

1. d4 Nf6 2. c4 e6 3. Nc3 Bb4 4. Nf3 O-O 5. Bg5 h6 6. Bh4 b6 7. Qc2 Bb7 8. a3 Be7 9. e4 d6 10. Be2 Nbd7
11. O-O Ne8 12. Bg3 c5 13. Rad1 Bf6 14. e5 Be7 15. exd6 Bxd6 16. Bxd6 Nxd6 17. dxc5 Nxc5 18. b4 Nce4 19. Nxe4 Bxe4 20. Qd2 Bb7
21. Qxd6
1-0

[Event "Nimzoindian Tribute to Pink Floyd"]
[Site "SchemingMind.com"]
[Date "2012.09.02"]
[Round "-"]
[White "ray winteringham"]
[Black "Marco_M"]
[Result "0-1"]
[WhiteCountry "ENG"]
[BlackCountry "ITA"]
[WhiteElo "1496"]
[WhiteRD "50"]
[BlackElo "2172"]
[BlackRD "101"]
[GameID "316900"]

1. d4 Nf6 2. c4 e6 3. Nc3 Bb4 4. Bd2 b6 5. Nb5 Bxd2+ 6. Qxd2 Bb7 7. e3 O-O 8. Bd3 Bxg2 9. f3 Bxh1 10. Qf2 d5
11. O-O-O c6 12. Nc3 dxc4 13. Bxc4 Nd5 14. Nh3 Bxf3 15. Qxf3 Qf6 16. Bxd5 cxd5 17. Qxf6 gxf6 18. Nf2 f5 19. Nh3 h6 20. Nb5 Nd7
21. Nf4 Nf6 22. Kd2 a6 23. Nc3 Ne4+ 24. Nxe4 fxe4 25. Nh5 Rac8 26. Nf6+ Kh8 27. Nd7 Rg8 28. Nxb6 Rg2+ 29. Ke1 Rcc2 30. Na4 Rg1#
0-1

[Event "Nimzoindian Tribute to Pink Floyd"]
[Site "SchemingMind.com"]
[Date "2012.09.06"]
[Round "-"]
[White "maro"]
[Black "Netferatu"]
[Result "0-1"]
[WhiteCountry "MEX"]
[BlackCountry "ARG"]
[WhiteElo "1239"]
[WhiteRD "67"]
[BlackElo "2328"]
[BlackRD "119"]
[GameID "317362"]

1. d4 Nf6 2. c4 e6 3. Nc3 Bb4 4. Bd2 c5 5. Nf3 O-O 6. g3 cxd4 7. Nxd4 Nc6 8. Nxc6 bxc6 9. Bg2 Ba6 10. b3 Qe7
11. O-O d5 12. cxd5 cxd5 13. a3 Bd6 14. Bf3 Rfc8 15. b4 Nd7 16. b5 Bb7 17. a4 Ne5 18. Na2 Nxf3+ 19. exf3 d4 20. Rb1 Rc4
21. Rc1 Rac8 22. Qe2 Rxa4 23. Rxc8+ Bxc8 24. Nc1 Bb7 25. Nb3 Qf6 26. h4 Qf5 27. Kg2 d3 28. Qe3 Rxh4 29. gxh4 Qg4+ 30. Kh1 Qh3+
31. Kg1 Qh2#
0-1

[Event "Nimzoindian Tribute to Pink Floyd"]
[Site "SchemingMind.com"]
[Date "2012.09.10"]
[Round "-"]
[White "Netferatu"]
[Black "maro"]
[Result "1-0"]
[WhiteCountry "ARG"]
[BlackCountry "MEX"]
[WhiteElo "2294"]
[WhiteRD "122"]
[BlackElo "1271"]
[BlackRD "65"]
[GameID "317365"]

1. d4 Nf6 2. c4 e6 3. Nc3 Bb4 4. e3 O-O 5. Bd3 Bxc3+ 6. bxc3 b6 7. Nf3 Bb7 8. O-O d6 9. Rb1 Qd7 10. Nd2 c5
11. Qc2 Qe7 12. f4 e5 13. fxe5 dxe5 14. d5 Nbd7 15. a4 e4 16. Nxe4 Nxe4 17. Bxe4 Nf6 18. Bd3 g6 19. e4 Bc8 20. Bg5 Qe5
21. Bxf6 Qe6 22. dxe6
1-0

[Event "Nimzoindian Tribute to Pink Floyd"]
[Site "SchemingMind.com"]
[Date "2012.09.09"]
[Round "-"]
[White "kaspy2011"]
[Black "Phillip Beckett"]
[Result "1-0"]
[WhiteCountry "IND"]
[BlackCountry "ENG"]
[WhiteElo "1780"]
[WhiteRD "117"]
[BlackElo "1628"]
[BlackRD "47"]
[GameID "317484"]

1. d4 Nf6 2. c4 e6 3. Nc3 Bb4 4. Nf3 d5 5. Bg5 Be7 6. e3 h6 7. Bh4 O-O 8. Bd3 dxc4 9. Bxc4 Nbd7 10. O-O c5
11. Re1 cxd4 12. exd4 Nb6 13. Bb3 Nfd5 14. Bxe7 Nxe7 15. Qe2 Nbd5 16. Nxd5 Nxd5 17. Ne5 Nf6 18. Rad1 Bd7 19. Qf3 Bb5 20. Qxb7 a6
21. h3 Rb8 22. Qf3 Nd7 23. Nxf7 Rxf7 24. Bxe6 Nf6 25. Bxf7+ Kxf7 26. d5 Qa5 27. a3 Rd8 28. Qf5 Qb6 29. d6 Rxd6 30. Rxd6 Qxd6
31. Qc8 Qd7 32. Qc3 Qd3 33. Qe5 Qd5 34. Qc7+ Kg6 35. Qg3+ Qg5 36. Qxg5+ Kxg5 37. g3 Kf5 38. f3 Nd5 39. Kf2 Nf6 40. h4 Kg6
41. g4 Kf7 42. Kg3 Nd5 43. Re5 Nc7 44. b3 Ne6 45. a4 Bc6 46. f4 Nd4 47. Rc5 Ke6 48. Kf2 Kd6 49. b4 Nb3 50. Rf5 Bd5
51. b5 axb5 52. axb5 Be4 53. Rf7
1-0

[Event "Nimzoindian Tribute to Pink Floyd"]
[Site "SchemingMind.com"]
[Date "2012.09.09"]
[Round "-"]
[White "Phillip Beckett"]
[Black "kaspy2011"]
[Result "1-0"]
[WhiteCountry "ENG"]
[BlackCountry "IND"]
[WhiteElo "1618"]
[WhiteRD "48"]
[BlackElo "1682"]
[BlackRD "181"]
[GameID "317487"]

1. d4 Nf6 2. c4 e6 3. Nc3 Bb4 4. e3 c5 5. a3 Bxc3+ 6. bxc3 O-O 7. Nf3 Nc6 8. Bd3 b6 9. O-O Ba6 10. Qe2 d5
11. cxd5 Bxd3 12. Qxd3 exd5 13. a4 Re8 14. Ba3 c4 15. Qc2 Ne4 16. Bb4 a5 17. Ba3 Qf6 18. Nd2 Nxd2 19. Qxd2 Qg6 20. Rae1 f5
21. f3 Re6 22. e4 fxe4 23. fxe4 Rxe4 24. Rxe4 Qxe4 25. Qf2 Qe6 26. Qf8+
1-0

[Event "Nimzoindian Tribute to Pink Floyd"]
[Site "SchemingMind.com"]
[Date "2012.09.16"]
[Round "-"]
[White "clario"]
[Black "smothered mate"]
[Result "0-1"]
[WhiteCountry "RSA"]
[BlackCountry "POL"]
[WhiteElo "2054"]
[WhiteRD "77"]
[BlackElo "1946"]
[BlackRD "65"]
[GameID "317579"]

1. d4 Nf6 2. c4 e6 3. Nc3 Bb4 4. Qc2 O-O 5. a3 Bxc3+ 6. bxc3 c5 7. Nf3 Nc6 8. Rb1 Qa5 9. e3 d5 10. Bd3 Ne4
11. cxd5 exd5 12. Bxe4 dxe4 13. Qxe4 Qxc3+ 14. Bd2 Qxa3 15. Ng5 g6 16. Qh4 h5 17. O-O Qd3 18. Rfd1 Bg4 19. f3 Bf5 20. d5 Ne5
21. Qe1 f6 22. Bc3 Qa6 23. e4 Rae8 24. Bxe5 Rxe5 25. Qc3 Bc8 26. Ne6 Bxe6 27. dxe6 Re8 28. Rd7 b5 29. Ra1 Qxe6 30. Raxa7 b4
31. Rg7+ Kh8 32. Qc1 g5 33. h4 c4 34. hxg5 Rxg5 35. Rxg5 fxg5 36. Qxg5 Qb6+ 37. Kh1 Qxa7 38. Qxh5+ Qh7 39. Qxh7+ Kxh7
0-1

[Event "Nimzoindian Tribute to Pink Floyd"]
[Site "SchemingMind.com"]
[Date "2012.09.13"]
[Round "-"]
[White "kibic"]
[Black "capablanca"]
[Result "1-0"]
[WhiteCountry "INT"]
[BlackCountry "GER"]
[WhiteElo "2241"]
[WhiteRD "68"]
[BlackElo "1723"]
[BlackRD "72"]
[GameID "317581"]

1. d4 Nf6 2. c4 e6 3. Nc3 Bb4 4. Nf3 c5 5. e3 d5 6. Bd3 cxd4 7. exd4 O-O 8. cxd5 Nxd5 9. a3 Nxc3 10. Qc2 Nd5+
11. axb4 Nxb4 12. Bxh7+ Kh8 13. Qc5 Kxh7 14. Qh5+ Kg8 15. Ng5 Re8 16. Qxf7+ Kh8 17. Qh5+ Kg8 18. Qh7+ Kf8 19. Qh8+ Ke7 20. Qxg7+ Kd6
21. Nf7+
1-0

[Event "Nimzoindian Tribute to Pink Floyd"]
[Site "SchemingMind.com"]
[Date "2012.09.16"]
[Round "-"]
[White "smothered mate"]
[Black "clario"]
[Result "0-1"]
[WhiteCountry "POL"]
[BlackCountry "RSA"]
[WhiteElo "2022"]
[WhiteRD "58"]
[BlackElo "2101"]
[BlackRD "70"]
[GameID "317583"]

1. d4 Nf6 2. c4 e6 3. Nc3 Bb4 4. Qc2 O-O 5. a3 Bxc3+ 6. Qxc3 b6 7. f3 d5 8. e3 Ba6 9. b4 Nbd7 10. b5 Bb7
11. c5 bxc5 12. dxc5 c6 13. a4 e5 14. Bd3 e4 15. Bb1 Rc8 16. Ba3 cxb5 17. axb5 Nxc5 18. Bxc5 Nd7 19. Rxa7 Rxc5 20. Qb3 Qb6
21. Ra1 Rxb5
0-1

[Event "Nimzoindian Tribute to Pink Floyd"]
[Site "SchemingMind.com"]
[Date "2012.09.13"]
[Round "-"]
[White "capablanca"]
[Black "kibic"]
[Result "0-1"]
[WhiteCountry "GER"]
[BlackCountry "INT"]
[WhiteElo "1723"]
[WhiteRD "72"]
[BlackElo "2241"]
[BlackRD "68"]
[GameID "317585"]

1. d4 Nf6 2. c4 e6 3. Nc3 Bb4 4. Nf3 d5 5. Bg5 O-O 6. e3 h6 7. Bh4 c5 8. Bd3 cxd4 9. Nxd4 Bxc3+ 10. bxc3 e5
11. Nb3 dxc4 12. Bxc4 Nbd7 13. O-O Qc7 14. Qe2 b6 15. Rac1 Bb7 16. Rfd1 g5 17. Bg3 Ne4 18. Bb5 Ndf6 19. Qc4 Qxc4 20. Bxc4 Nxg3
21. hxg3 Rfd8 22. Nd2 Rac8 23. Bb3 e4 24. Nc4 Rxd1+ 25. Rxd1 Bd5 26. Rxd5 Nxd5 27. Nd6 Rd8 28. Bxd5 Rxd6 29. Bxe4 Rd1+ 30. Kh2 Rd2
0-1

[Event "Nimzoindian Tribute to Pink Floyd"]
[Site "SchemingMind.com"]
[Date "2012.09.12"]
[Round "-"]
[White "Aadsje"]
[Black "kubinet"]
[Result "1-0"]
[WhiteCountry "NED"]
[BlackCountry "GER"]
[WhiteElo "2233"]
[WhiteRD "63"]
[BlackElo "1454"]
[BlackRD "44"]
[GameID "317631"]

1. d4 Nf6 2. c4 e6 3. Nc3 Bb4 4. f3 d5 5. a3 Bxc3+ 6. bxc3 O-O 7. cxd5 exd5 8. e3 Re8 9. Qc2 b6 10. a4 Ba6
11. Bxa6 Nbd7 12. Ne2 c6 13. Bb7 Rb8 14. Bxc6 Qc7 15. Bb5
1-0

[Event "Nimzoindian Tribute to Pink Floyd"]
[Site "SchemingMind.com"]
[Date "2012.09.13"]
[Round "-"]
[White "kubinet"]
[Black "Aadsje"]
[Result "0-1"]
[WhiteCountry "GER"]
[BlackCountry "NED"]
[WhiteElo "1415"]
[WhiteRD "50"]
[BlackElo "2246"]
[BlackRD "61"]
[GameID "317633"]

1. d4 Nf6 2. c4 e6 3. Nc3 Bb4 4. Qc2 O-O 5. a3 Bxc3+ 6. Qxc3 b6 7. Bg5 Bb7 8. f3 h6 9. Bh4 d5 10. e3 Nbd7
11. Bd3 Re8 12. Ne2 c5 13. O-O e5 14. cxd5 exd4 15. exd4 Nxd5 16. Qd2 Qxh4 17. Bb5 Rad8 18. dxc5 Ne3 19. Rf2 Nxc5 20. Qc3 Nd1
21. Rxd1 Rxd1+ 22. Rf1 Rxf1+ 23. Kxf1 Rd8
0-1

[Event "Nimzoindian Tribute to Pink Floyd"]
[Site "SchemingMind.com"]
[Date "2012.09.18"]
[Round "-"]
[White "Queeny"]
[Black "marooned"]
[Result "0-1"]
[WhiteCountry "ENG"]
[BlackCountry "CHI"]
[WhiteElo "1477"]
[WhiteRD "83"]
[BlackElo "1970"]
[BlackRD "93"]
[GameID "317667"]

1. d4 Nf6 2. c4 e6 3. Nc3 Bb4 4. Nf3 O-O 5. Bd2 c5 6. Qb3 Nc6 7. a3 Bxc3 8. Bxc3 cxd4 9. Nxd4 Ne4 10. Nxc6 dxc6
11. g3 Nxc3 12. Qxc3 Qe7 13. Bg2 Rd8 14. O-O e5 15. Rad1 Bf5 16. Rxd8+ Rxd8 17. b4 f6 18. c5 Rd4 19. Qc1 Qd7 20. Bf3 e4
21. Bg2 Rd2 22. Re1 Bg6 23. Qc4+ Bf7 24. Qxe4 Rd4 25. Qe3 Bc4 26. Bh3 Qd8 27. Be6+ Bxe6 28. Qxe6+ Kf8 29. e4 Qd7 30. Qxd7 Rxd7
31. Re3 Rd1+
0-1

[Event "Nimzoindian Tribute to Pink Floyd"]
[Site "SchemingMind.com"]
[Date "2012.09.15"]
[Round "-"]
[White "Holty"]
[Black "Till Plewe"]
[Result "0-1"]
[WhiteCountry "ENG"]
[BlackCountry "JPN"]
[WhiteElo "1732"]
[WhiteRD "58"]
[BlackElo "2323"]
[BlackRD "76"]
[GameID "317670"]

1. d4 Nf6 2. c4 e6 3. Nc3 Bb4 4. e3 O-O 5. Bd3 c5 6. Ne2 d5 7. a3 Bxc3+ 8. Nxc3 cxd4 9. exd4 dxc4 10. Bxc4 Nc6
11. Be3 b6 12. b4 Bb7 13. f3 Rc8 14. Qd3 e5 15. d5 e4 16. Qe2 Ne5 17. Ba2 Rxc3 18. Bd4 Nd3+ 19. Kd1 exf3 20. gxf3 Nf4
21. Qb2 Rd3+ 22. Kc1 Rxd4 23. Re1 Nd3+
0-1

[Event "Nimzoindian Tribute to Pink Floyd"]
[Site "SchemingMind.com"]
[Date "2012.09.18"]
[Round "-"]
[White "marooned"]
[Black "Queeny"]
[Result "1-0"]
[WhiteCountry "CHI"]
[BlackCountry "ENG"]
[WhiteElo "1936"]
[WhiteRD "85"]
[BlackElo "1618"]
[BlackRD "97"]
[GameID "317671"]

1. d4 Nf6 2. c4 e6 3. Nc3 Bb4 4. Qc2 c5 5. dxc5 Bxc5 6. Nf3 Ng4 7. e3 b6 8. Bd3 g6 9. O-O Bb7 10. e4 f5
11. Bg5 Qc7 12. Nb5 Qc6 13. h3 Bxf2+ 14. Rxf2 Nxf2 15. Kxf2 O-O 16. Re1 fxe4 17. Bxe4 Qc5+ 18. Kf1 Nc6 19. Be3 Qe7 20. Kg1 a6
21. Nc3 Nb4 22. Qb3 Bxe4 23. Nxe4 b5 24. Bc5
1-0

[Event "Nimzoindian Tribute to Pink Floyd"]
[Site "SchemingMind.com"]
[Date "2012.09.15"]
[Round "-"]
[White "Till Plewe"]
[Black "Holty"]
[Result "1-0"]
[WhiteCountry "JPN"]
[BlackCountry "ENG"]
[WhiteElo "2349"]
[WhiteRD "73"]
[BlackElo "1708"]
[BlackRD "55"]
[GameID "317674"]

1. d4 Nf6 2. c4 e6 3. Nc3 Bb4 4. e3 O-O 5. Ne2 d5 6. a3 Bxc3+ 7. Nxc3 Nbd7 8. cxd5 exd5 9. Bd3 c6 10. O-O Re8
11. Qc2 Nf8 12. f3 Qc7 13. Bd2 Be6 14. Be1 Rad8 15. Bh4 N8d7 16. Rae1 g6 17. Nb5 Qb8 18. Bg3 Qc8 19. Nd6 Qb8 20. Nxe8 Qc8
21. Nxf6+ Nxf6 22. Bh4 Kg7 23. f4 Rh8 24. f5 Bd7 25. fxg6 hxg6 26. Bxf6+
1-0

[Event "Nimzoindian Tribute to Pink Floyd"]
[Site "SchemingMind.com"]
[Date "2012.09.14"]
[Round "-"]
[White "Jari Laine"]
[Black "emvarela"]
[Result "1-0"]
[WhiteCountry "FIN"]
[BlackCountry "ARG"]
[WhiteElo "2387"]
[WhiteRD "75"]
[BlackElo "1743"]
[BlackRD "47"]
[GameID "317706"]

1. d4 Nf6 2. c4 e6 3. Nc3 Bb4 4. Qc2 O-O 5. a3 Bxc3+ 6. Qxc3 b6 7. Bg5 Bb7 8. f3 h6 9. Bh4 d5 10. e3 Nbd7
11. cxd5 exd5 12. Bd3 g5 13. Bf2 Rc8 14. Ne2 c5 15. Qd2 cxd4 16. Nxd4 Nc5 17. Bf5 Rc7 18. b4 Na4 19. Bg3 Rc3 20. Bc2 Rxe3+
21. Qxe3 Re8 22. Be5 Nd7 23. O-O Rxe5 24. Qd3 Nb2 25. Qh7+ Kf8 26. Qh8+
1-0

[Event "Nimzoindian Tribute to Pink Floyd"]
[Site "SchemingMind.com"]
[Date "2012.09.14"]
[Round "-"]
[White "Scooter"]
[Black "Andrea Carra"]
[Result "0-1"]
[WhiteCountry "USA"]
[BlackCountry "ITA"]
[WhiteElo "1775"]
[WhiteRD "47"]
[BlackElo "1948"]
[BlackRD "136"]
[GameID "317709"]

1. d4 Nf6 2. c4 e6 3. Nc3 Bb4 4. e3 O-O 5. Bd3 d5 6. Ne2 dxc4 7. Bxc4 c5 8. O-O a6 9. a3 Bxc3 10. bxc3 Nbd7
11. Bb2 b5 12. Bd3 Bb7 13. Rb1 Be4 14. Ng3 Bxd3 15. Qxd3 c4 16. Qe2 Nd5 17. Rfd1 a5 18. Ne4 Qc7 19. Qc2 h6 20. a4 b4
21. cxb4 axb4 22. Rdc1 Rfc8 23. Ba1 b3 24. Qe2 Rxa4 25. Nc3 Ra5 26. Nxd5 exd5 27. Bc3 Ra7 28. Bb4 Nb6 29. Rxb3 cxb3 30. Rxc7 Ra1+
31. Be1 Rxc7
0-1

[Event "Nimzoindian Tribute to Pink Floyd"]
[Site "SchemingMind.com"]
[Date "2012.09.16"]
[Round "-"]
[White "emvarela"]
[Black "Jari Laine"]
[Result "0-1"]
[WhiteCountry "ARG"]
[BlackCountry "FIN"]
[WhiteElo "1757"]
[WhiteRD "48"]
[BlackElo "2374"]
[BlackRD "71"]
[GameID "317710"]

1. d4 Nf6 2. c4 e6 3. Nc3 Bb4 4. e3 b6 5. Ne2 c5 6. a3 Ba5 7. Rb1 Na6 8. Bd2 O-O 9. Nb5 Bxd2+ 10. Qxd2 d5
11. dxc5 Nxc5 12. cxd5 Bb7 13. dxe6 Nd3+
0-1

[Event "Nimzoindian Tribute to Pink Floyd"]
[Site "SchemingMind.com"]
[Date "2012.09.14"]
[Round "-"]
[White "Andrea Carra"]
[Black "Scooter"]
[Result "1-0"]
[WhiteCountry "ITA"]
[BlackCountry "USA"]
[WhiteElo "1948"]
[WhiteRD "136"]
[BlackElo "1775"]
[BlackRD "47"]
[GameID "317713"]

1. d4 Nf6 2. c4 e6 3. Nc3 Bb4 4. Nf3 c5 5. g3 Ne4 6. Qd3 cxd4 7. Nxd4 Nxc3 8. bxc3 Bc5 9. Bg2 Nc6 10. O-O O-O
11. Rd1 Ne5 12. Qe4 Nxc4 13. e3 d5 14. Qc2 a6 15. Nf3 b5 16. e4 Bb7 17. exd5 exd5 18. Qf5 Re8 19. Ng5 Qf6 20. Qxh7+ Kf8
21. Qc2 b4 22. Nh7+
1-0

[Event "Nimzoindian Tribute to Pink Floyd"]
[Site "SchemingMind.com"]
[Date "2012.09.23"]
[Round "-"]
[White "vetran"]
[Black "Olli Ylönen"]
[Result "1-0"]
[WhiteCountry "NED"]
[BlackCountry "FIN"]
[WhiteElo "1941"]
[WhiteRD "79"]
[BlackElo "1847"]
[BlackRD "53"]
[GameID "318033"]

1. d4 Nf6 2. c4 e6 3. Nc3 Bb4 4. Qc2 O-O 5. a3 Bxc3+ 6. Qxc3 b6 7. Bg5 Bb7 8. e3 d6 9. Ne2 Nbd7 10. Qd3 Ba6
11. Qc2 h6 12. Bh4 c5 13. dxc5 bxc5 14. Bg3 d5 15. cxd5 exd5 16. Nc3 Bxf1 17. Kxf1 Re8 18. Rd1 Nb6 19. Qf5 Qc8 20. Qxc8 Raxc8
21. Nb5 a5 22. Nd6 Ne4 23. Nxc8 Rxc8 24. f3 Nxg3+ 25. hxg3 Nc4 26. Kf2 Nxb2 27. Rxd5 a4 28. Rb1 Nc4 29. Rd3 Na5 30. Rb5 c4
31. Rc3 Ra8 32. Rb4
1-0

[Event "Nimzoindian Tribute to Pink Floyd"]
[Site "SchemingMind.com"]
[Date "2012.09.22"]
[Round "-"]
[White "kenneth m day"]
[Black "desmondw"]
[Result "1-0"]
[WhiteCountry "USA"]
[BlackCountry "IRL"]
[WhiteElo "1754"]
[WhiteRD "54"]
[BlackElo "1557"]
[BlackRD "124"]
[GameID "318034"]

1. d4 Nf6 2. c4 e6 3. Nc3 Bb4 4. Qc2 O-O 5. Nf3 Nc6 6. Bg5 h6 7. Bd2 d6 8. O-O-O Re8 9. h3 e5 10. dxe5 Nxe5
11. Nxe5 Rxe5 12. Be3 Be6 13. Bd4
1-0

[Event "Nimzoindian Tribute to Pink Floyd"]
[Site "SchemingMind.com"]
[Date "2012.09.23"]
[Round "-"]
[White "Olli Ylönen"]
[Black "vetran"]
[Result "0-1"]
[WhiteCountry "FIN"]
[BlackCountry "NED"]
[WhiteElo "1847"]
[WhiteRD "53"]
[BlackElo "1941"]
[BlackRD "79"]
[GameID "318038"]

1. d4 Nf6 2. c4 e6 3. Nc3 Bb4 4. Qc2 O-O 5. a3 Bxc3+ 6. Qxc3 b6 7. Bg5 h6 8. Bh4 Bb7 9. f3 d5 10. e3 Nbd7
11. cxd5 Nxd5 12. Bxd8 Nxc3 13. Bh4 Nd5 14. Bf2 c5 15. e4 N5f6 16. Bb5 cxd4 17. Bxd4 a6 18. Bxd7 Nxd7 19. Ne2 Rac8 20. Kf2 e5
21. Be3 Nc5 22. Bxc5 Rxc5 23. Rac1 Rfc8 24. Rxc5 Rxc5 25. Rc1 Rxc1 26. Nxc1 f6 27. Nd3 Kf7 28. a4 a5 29. Ke3 Ke6 30. f4 Ba6
31. b4 Bxd3 32. Kxd3 exf4 33. bxa5 bxa5 34. Kc4 g5 35. Kb5 g4 36. Kxa5 f3
0-1

[Event "Nimzoindian Tribute to Pink Floyd"]
[Site "SchemingMind.com"]
[Date "2012.09.23"]
[Round "-"]
[White "desmondw"]
[Black "kenneth m day"]
[Result "0-1"]
[WhiteCountry "IRL"]
[BlackCountry "USA"]
[WhiteElo "1557"]
[WhiteRD "124"]
[BlackElo "1754"]
[BlackRD "54"]
[GameID "318039"]

1. d4 Nf6 2. c4 e6 3. Nc3 Bb4 4. e3 b6 5. Ne2 Ba6 6. a3 Be7 7. Nf4 O-O 8. b4 d5 9. b5 Bb7 10. Bd3 dxc4
11. Bxc4 Nbd7 12. O-O Rc8
0-1